<?xml version="1.0" encoding="UTF-8"?>
<record
    xmlns:xsi="http://www.w3.org/2001/XMLSchema-instance"
    xsi:schemaLocation="http://www.loc.gov/MARC21/slim http://www.loc.gov/standards/marcxml/schema/MARC21slim.xsd"
    xmlns="http://www.loc.gov/MARC21/slim">

  <leader>03107nam a2200433 a 4500</leader>
  <controlfield tag="001">dia_4987</controlfield>
  <controlfield tag="003">CHAP</controlfield>
  <controlfield tag="005">20230522184609.0</controlfield>
  <controlfield tag="007">ta</controlfield>
  <controlfield tag="008">220117s2008    ck ao  fr     001 0 spa d</controlfield>
  <datafield tag="010" ind1=" " ind2=" ">
    <subfield code="a">175800</subfield>
  </datafield>
  <datafield tag="020" ind1=" " ind2=" ">
    <subfield code="a">978-958-8203-70-6</subfield>
  </datafield>
  <datafield tag="040" ind1=" " ind2=" ">
    <subfield code="c">CHAP</subfield>
    <subfield code="a">mxchpua</subfield>
  </datafield>
  <datafield tag="050" ind1=" " ind2=" ">
    <subfield code="a">TP370 </subfield>
    <subfield code="b">.C54 2008</subfield>
  </datafield>
  <datafield tag="082" ind1=" " ind2=" ">
    <subfield code="a">641 </subfield>
    <subfield code="b">C54 2008</subfield>
    <subfield code="2">20</subfield>
  </datafield>
  <datafield tag="245" ind1="1" ind2="0">
    <subfield code="a">Ciencia, tecnolog&#xED;a e industria de alimentos /</subfield>
    <subfield code="c">director Felipe Dur&#xE1;n Ram&#xED;rez ; colaboradores Carlos Augusto Alba...[y otros]</subfield>
  </datafield>
  <datafield tag="250" ind1=" " ind2=" ">
    <subfield code="a">1a edici&#xF3;n</subfield>
  </datafield>
  <datafield tag="260" ind1=" " ind2=" ">
    <subfield code="b"> </subfield>
  </datafield>
  <datafield tag="264" ind1=" " ind2=" ">
    <subfield code="a">Colombia :</subfield>
    <subfield code="b">Grupo Latino,</subfield>
    <subfield code="c">2008</subfield>
  </datafield>
  <datafield tag="300" ind1=" " ind2=" ">
    <subfield code="a">xx, 1191 p&#xE1;ginas : </subfield>
    <subfield code="b">ilustraciones, tablas, fotos</subfield>
  </datafield>
  <datafield tag="336" ind1=" " ind2=" ">
    <subfield code="a">texto</subfield>
    <subfield code="b">txt</subfield>
    <subfield code="2">rdacontent</subfield>
  </datafield>
  <datafield tag="337" ind1=" " ind2=" ">
    <subfield code="a">sin medio</subfield>
    <subfield code="b">n</subfield>
    <subfield code="2">rdamedia</subfield>
  </datafield>
  <datafield tag="338" ind1=" " ind2=" ">
    <subfield code="a">volumen</subfield>
    <subfield code="b">nc</subfield>
    <subfield code="2">rdacarrier</subfield>
  </datafield>
  <datafield tag="504" ind1=" " ind2=" ">
    <subfield code="a">Bibliograf&#xED;a: p&#xE1;ginas 1181-1191</subfield>
  </datafield>
  <datafield tag="505" ind1="0" ind2=" ">
    <subfield code="a">Elementos de bromatolog&#xED;a --
Microbiolog&#xED;a de los alimentos --
Toxicolog&#xED;a de los alimentos --
Textura de los alimentos --
Tecnolog&#xED;a de los alimentos --
An&#xE1;lisis nutricional de los alimentos --
Alimentos y sistemas de procesados. Propiedades f&#xED;sicas --
Calidad del agua potable --
Aceites y grasas</subfield>
  </datafield>
  <datafield tag="520" ind1="2" ind2=" ">
    <subfield code="a">La presente obra est&#xE1; destinada a atender las necesidades de todas las personas sedientas de conocimiento sobre el c&#xF3;digo alimentario, el cual incluye nutrici&#xF3;n, procesos de elaboraci&#xF3;n de diferentes alimentos, tecnolog&#xED;a, higiene, microbiolog&#xED;a, nutrici&#xF3;n, qu&#xED;mica, sanidad, entre otros temas, todos igual de interesantes e investigados con el fin de aclarar algunos conceptos primordiales.
La investigaci&#xF3;n y el desarrollo de nuevos tipos de alimentos y procesos han experimentado un auge excepcional en los &#xFA;ltimos a&#xF1;os.
Las legislaciones cada vez m&#xE1;s estrictas en materia de seguridad alimentaria, as&#xED; como la creciente preocupaci&#xF3;n que existe en la sociedad por conocer que tipos de alimentos se consumen, cualidades nutricionales y beneficios para la salud, han forzado en parte esta innovaci&#xF3;n en los m&#xE9;todos de tratamientos y conservaci&#xF3;n de los alimentos y, en general, en la cadena que se sigue desde la obtenci&#xF3;n de la materia prima hasta la comercializaci&#xF3;n final del producto terminado.
La industria de los alimentos es uno de los renglones m&#xE1;s importantes de la econom&#xED;a mundial; por esta raz&#xF3;n los estados implantan pol&#xED;ticas, crean esquemas, establecen normas y mecanismos para armonizar y homologar las legislaciones sanitarias con el fin de unificar criterios que permitan la aplicaci&#xF3;n de m&#xE9;todos y la comparaci&#xF3;n de resultados que faciliten su libre intercambio.</subfield>
  </datafield>
  <datafield tag="650" ind1="1" ind2="3">
    <subfield code="a">Alimentos</subfield>
    <subfield code="x">An&#xE1;lisis  </subfield>
    <subfield code="9">4164</subfield>
  </datafield>
  <datafield tag="650" ind1="1" ind2="3">
    <subfield code="a">Alimentos</subfield>
    <subfield code="x">Microbiolog&#xED;a  </subfield>
    <subfield code="9">150593</subfield>
  </datafield>
  <datafield tag="650" ind1="1" ind2="3">
    <subfield code="a">Industria alimentaria  </subfield>
    <subfield code="9">141176</subfield>
  </datafield>
  <datafield tag="650" ind1="1" ind2="3">
    <subfield code="a">Food</subfield>
    <subfield code="x">Analysis  </subfield>
    <subfield code="9">147009</subfield>
  </datafield>
  <datafield tag="650" ind1="1" ind2="3">
    <subfield code="a">Food</subfield>
    <subfield code="x">Microbiology</subfield>
    <subfield code="9">150594</subfield>
  </datafield>
  <datafield tag="650" ind1="1" ind2="3">
    <subfield code="a">Food industry  </subfield>
    <subfield code="9">148657</subfield>
  </datafield>
  <datafield tag="700" ind1="1" ind2=" ">
    <subfield code="a">Alba, Carlos Augusto</subfield>
    <subfield code="9">157238</subfield>
    <subfield code="e">autor</subfield>
  </datafield>
  <datafield tag="700" ind1="1" ind2=" ">
    <subfield code="a">Dur&#xE1;n Ram&#xED;rez, Felipe</subfield>
    <subfield code="9">34702</subfield>
    <subfield code="e">director </subfield>
  </datafield>
  <datafield tag="901" ind1=" " ind2=" ">
    <subfield code="a">641 C54 2008</subfield>
  </datafield>
  <datafield tag="902" ind1=" " ind2=" ">
    <subfield code="a">M</subfield>
  </datafield>
  <datafield tag="905" ind1=" " ind2=" ">
    <subfield code="a">5232272008                          ck adin8212223322spa16</subfield>
  </datafield>
  <datafield tag="942" ind1=" " ind2=" ">
    <subfield code="c">LIBRO</subfield>
    <subfield code="2">ddc</subfield>
  </datafield>
  <datafield tag="999" ind1=" " ind2=" ">
    <subfield code="c">175800</subfield>
    <subfield code="d">175800</subfield>
  </datafield>
  <datafield tag="952" ind1=" " ind2=" ">
    <subfield code="0">0</subfield>
    <subfield code="1">0</subfield>
    <subfield code="2">ddc</subfield>
    <subfield code="4">0</subfield>
    <subfield code="5">5</subfield>
    <subfield code="7">0</subfield>
    <subfield code="8">GRAL</subfield>
    <subfield code="a">IA_</subfield>
    <subfield code="b">IA_</subfield>
    <subfield code="d">2010-09-02</subfield>
    <subfield code="e">Compra</subfield>
    <subfield code="i">253781</subfield>
    <subfield code="l">6</subfield>
    <subfield code="o">641  C54 2008</subfield>
    <subfield code="p">1102006930</subfield>
    <subfield code="r">2025-06-09 19:27:38</subfield>
    <subfield code="s">2025-06-09</subfield>
    <subfield code="t">Ej. 2</subfield>
    <subfield code="w">2022-01-18</subfield>
    <subfield code="y">LIBRO</subfield>
  </datafield>
  <datafield tag="952" ind1=" " ind2=" ">
    <subfield code="0">0</subfield>
    <subfield code="1">0</subfield>
    <subfield code="2">ddc</subfield>
    <subfield code="4">0</subfield>
    <subfield code="5">1</subfield>
    <subfield code="7">0</subfield>
    <subfield code="8">GRAL</subfield>
    <subfield code="a">IA_</subfield>
    <subfield code="b">IA_</subfield>
    <subfield code="d">2010-09-02</subfield>
    <subfield code="e">Compra</subfield>
    <subfield code="i">253780</subfield>
    <subfield code="l">3</subfield>
    <subfield code="o">641  C54 2008</subfield>
    <subfield code="p">1102006929</subfield>
    <subfield code="r">2023-05-04 00:00:00</subfield>
    <subfield code="s">2023-05-04</subfield>
    <subfield code="t">Ej. 1</subfield>
    <subfield code="w">2022-01-18</subfield>
    <subfield code="y">LIBRO</subfield>
  </datafield>
</record>
